| 000 | 00714cam a2200241 a 4500 | ||
|---|---|---|---|
| 003 | MX-MxUPN | ||
| 005 | 20240315122205.0 | ||
| 008 | 190904s2004 o br 000 0 spa d | ||
| 020 | _a0618321004 | ||
| 035 | _aUPN01000232608 | ||
| 040 |
_aMX-MxUPN _bspa |
||
| 041 | 0 | _aspa | |
| 050 | 4 |
_aQL761.5 _bS77 2004 |
|
| 100 | 1 |
_aStrummer, Josie _942887 |
|
| 245 | 1 | 0 | _aFamilias fascinantes |
| 260 |
_aBoston : _bHoughton Mifflin, _cc2004 |
||
| 300 |
_a16 páginas : _bfotografías a color |
||
| 650 | 0 |
_951385 _aFamilias _vLiteratura infantil |
|
| 650 | 4 |
_951384 _aAnimales _xHábitos y comportamiento _vLiteratura infantil |
|
| 902 | _bVíctorGodínez/150324 | ||
| 942 |
_2lcc _cLIBRO |
||
| 999 |
_c204703 _d204703 |
||